Statistics for General Knowledge True False #2

Click here to take the quiz!

General Stats

  • This quiz has been taken 30,081 times
  • The average score is 14 of 18

Answer Stats

QuestionAnswer% Correct
Malaria is spread by mosquitoesTrue
97%
Greece's flag has two colors: blue and whiteTrue
95%
Caramel is made by heating sugarTrue
93%
Mount Everest is a volcanoFalse
92%
Enya is a heavy metal bandFalse
86%
It is possible to manufacture synthetic diamond gemstonesTrue
84%
On a clear day, it is possible to see England from FranceTrue
80%
Pork consumption is forbidden by Islamic dietary lawsTrue
78%
The pop singer Madonna was born in EnglandFalse
77%
The United States emits more carbon dioxide than any other countryFalse
77%
Computer chips are generally made of siliconTrue
75%
The average man has a lower body fat percentage than the average womanTrue
75%
Turkeys are capable of flying for short bursts, such as onto a roofTrue
73%
The Spanish word for hat is "sombrero"True
68%
Elephants are good swimmersTrue
65%
Mandarin and Cantonese are mutually intelligibleFalse
62%
If you roll a pair of dice, every possible outcome from 2 to 12 is equally likelyFalse
59%
According to Buddhism, once a person reaches "nirvana" their body vanishes and their soul ascends to heavenFalse
38%

Score Distribution

Percentile by Number Answered

Percent of People with Each Score

Your Score History

You have not taken this quiz